[Event "MVP-ch Seniors op 19th"]
[Site "Ostseebad Binz"]
[Date "2019.12.02"]
[Round "6"]
[White "Rollwitz, Juergen"]
[Black "Schreiber, Kurt"]
[Result "1/2-1/2"]
[WhiteElo "1872"]
[BlackElo "2119"]
[PlyCount "21"]
[EventDate "2019.11.27"]
[EventType "swiss"]
[EventRounds "9"]
[EventCountry "GER"]
[SourceTitle "EXT 2021"]
[Source "ChessBase"]
[SourceDate "2020.10.23"]
[SourceVersion "1"]
[SourceVersionDate "2020.10.23"]
[SourceQuality "1"]

1. d4 d5 2. Nf3 Nf6 3. e3 Bf5 4. Bd3 e6 5. 0-0 Be7 6. b3 0-0 7. Bb2 Nbd7 8. Qe2 Re8 9. Ne5 Nxe5 10. dxe5 Bxd3 11. cxd3 1/2-1/2

[Event "MVP-ch Seniors op 19th"]
[Site "Ostseebad Binz"]
[Date "2019.12.01"]
[Round "5"]
[White "Strack Goertsches, Hans Juergen"]
[Black "Rollwitz, Juergen"]
[Result "1/2-1/2"]
[WhiteElo "1943"]
[BlackElo "1872"]
[PlyCount "30"]
[EventDate "2019.11.27"]
[EventType "swiss"]
[EventRounds "9"]
[EventCountry "GER"]
[SourceTitle "EXT 2021"]
[Source "ChessBase"]
[SourceDate "2020.10.23"]
[SourceVersion "1"]
[SourceVersionDate "2020.10.23"]
[SourceQuality "1"]

1. e4 e5 2. Nf3 d6 3. c3 Be7 4. Be2 Nf6 5. d3 0-0 6. Nbd2 c6 7. Nf1 Na6 8. Ng3 Nc7 9. 0-0 Be6 10. Ne1 d5 11. Qc2 dxe4 12. dxe4 Nce8 13. Nd3 Qc7 14. Be3 Ng4 15. Bc5 Bxc5 1/2-1/2

[Event "MVP-ch Seniors op 19th"]
[Site "Ostseebad Binz"]
[Date "2019.11.30"]
[Round "4"]
[White "Rollwitz, Juergen"]
[Black "Meyer, Irmin"]
[Result "1/2-1/2"]
[WhiteElo "1872"]
[BlackElo "1970"]
[PlyCount "25"]
[EventDate "2019.11.27"]
[EventType "swiss"]
[EventRounds "9"]
[EventCountry "GER"]
[SourceTitle "EXT 2021"]
[Source "ChessBase"]
[SourceDate "2020.10.23"]
[SourceVersion "1"]
[SourceVersionDate "2020.10.23"]
[SourceQuality "1"]

1. d4 Nf6 2. Nf3 e6 3. e3 b6 4. Bd3 Bb7 5. 0-0 d5 6. b3 Bd6 7. Bb2 0-0 8. Nbd2 Ne4 9. Qe2 Nd7 10. a3 Qe7 11. Ne5 Nxd2 12. Qxd2 f6 13. Nxd7 1/2-1/2

[Event "MVP-ch Seniors op 19th"]
[Site "Ostseebad Binz"]
[Date "2019.11.27"]
[Round "1"]
[White "Howe, Dietrich"]
[Black "Rollwitz, Juergen"]
[Result "0-1"]
[WhiteElo "1465"]
[BlackElo "1872"]
[PlyCount "32"]
[EventDate "2019.11.27"]
[EventType "swiss"]
[EventRounds "9"]
[EventCountry "GER"]
[SourceTitle "EXT 2021"]
[Source "ChessBase"]
[SourceDate "2020.10.23"]
[SourceVersion "1"]
[SourceVersionDate "2020.10.23"]
[SourceQuality "1"]

1. f4 e5 2. fxe5 d6 3. Nf3 Nc6 4. exd6 Bxd6 5. g3 Nf6 6. d3 Bg4 7. Bg2 0-0 8. 0-0 Qd7 9. Re1 Rfe8 10. Nc3 Bh3 11. Bh1 Ng4 12. e4 Bc5+ 13. d4 Nxd4 14. Nxd4 Bxd4+ 15. Be3 Nxe3 16. Rxe3 Bxe3# 0-1

[Event "Berlin-ch Seniors op 34th"]
[Site "Berlin"]
[Date "2018.02.06"]
[Round "7"]
[White "Boettcher, Winfried"]
[Black "Rollwitz, Juergen"]
[Result "0-1"]
[WhiteElo "1428"]
[BlackElo "1960"]
[PlyCount "119"]
[EventDate "2018.01.30"]
[EventType "swiss"]
[EventRounds "9"]
[EventCountry "GER"]
[SourceTitle "EXT 2020"]
[Source "ChessBase"]
[SourceDate "2019.10.17"]
[SourceVersion "1"]
[SourceVersionDate "2019.10.17"]
[SourceQuality "1"]

1. d4 d6 2. Bf4 c6 3. e3 Nf6 4. h3 Nbd7 5. Nd2 e5 6. Bg5 Be7 7. c3 d5 8. dxe5 Nxe5 9. Bf4 Bd6 10. Bh2 Bf5 11. Ndf3 Qc7 12. Nd4 Bd7 13. Ngf3 Nxf3+ 14. Nxf3 Bf5 15. Bxd6 Qxd6 16. Nd4 Bd7 17. Bd3 c5 18. Ne2 Bc6 19. Ng3 g6 20. Bc2 Qe7 21. 0-0 0-0 22. Qe1 Bb5 23. Ne2 Rad8 24. a4 Ba6 25. b3 Rfe8 26. Rd1 d4 27. c4 dxe3 28. Rxd8 Rxd8 29. Qc3 exf2+ 30. Rxf2 Ne4 31. Bxe4 Qxe4 32. Nf4 Rd1+ 33. Kh2 Qe1 34. Qf3 Rd2 35. Nd3 Rxf2 36. Nxf2 Qe7 37. Ne4 f5 38. Nc3 b6 39. Nd5 Qe5+ 40. Qf4 Qxf4+ 41. Nxf4 Kf7 42. Nd5 Bb7 43. Nc3 Bc6 44. Kg3 Kf6 45. Kf2 Ke5 46. g3 g5 47. Nd1 f4 48. Nc3 a6 49. Ne2 Be4 50. gxf4+ gxf4 51. Nc3 h6 52. a5 bxa5 53. Na4 Kd4 54. Nb6 Bc6 55. Ke2 Kc3 56. Nd5+ Kxb3 57. Nxf4 Kxc4 58. Kd2 a4 59. Ne2 a3 60. Nc3 0-1

[Event "Berlin-ch Seniors op 34th"]
[Site "Berlin"]
[Date "2018.02.02"]
[Round "4"]
[White "Niehaus, Frank"]
[Black "Rollwitz, Juergen"]
[Result "1-0"]
[WhiteElo "2175"]
[BlackElo "1960"]
[PlyCount "81"]
[EventDate "2018.01.30"]
[EventType "swiss"]
[EventRounds "9"]
[EventCountry "GER"]
[SourceTitle "EXT 2020"]
[Source "ChessBase"]
[SourceDate "2019.10.17"]
[SourceVersion "1"]
[SourceVersionDate "2019.10.17"]
[SourceQuality "1"]

1. e4 d6 2. d4 Nf6 3. Nc3 e5 4. Nf3 exd4 5. Nxd4 Be7 6. Bf4 c6 7. Qd2 a6 8. 0-0-0 0-0 9. f3 b5 10. g4 Qa5 11. Nf5 Bxf5 12. gxf5 Rd8 13. Kb1 b4 14. Ne2 c5 15. Nc1 Nc6 16. Rg1 Kh8 17. Qg2 Nh5 18. Qg4 g6 19. Be3 Bf6 20. f4 Ng7 21. Bc4 Qc7 22. fxg6 fxg6 23. Qh3 Nh5 24. f5 Ne5 25. Bd5 Ra7 26. fxg6 hxg6 27. Ne2 Qh7 28. Rdf1 Rf8 29. Bg5 Bg7 30. Rxf8+ Bxf8 31. Qc8 Kg7 32. Rf1 Rf7 33. Rxf7+ Nxf7 34. h4 Qg8 35. Qd7 a5 36. b3 Kh8 37. Qxf7 Bg7 38. Qxg6 Qh7 39. Qe8+ Qg8 40. Qxh5+ Qh7 41. Nf4 1-0

[Event "MVP-ch Seniors op 17th"]
[Site "Binz"]
[Date "2017.12.05"]
[Round "7.27"]
[White "Rollwitz, Juergen"]
[Black "Meyer, Irmin"]
[Result "1/2-1/2"]
[WhiteElo "1936"]
[BlackElo "2034"]
[PlyCount "96"]
[EventDate "2017.11.29"]
[EventType "swiss"]
[EventRounds "9"]
[EventCountry "GER"]
[SourceTitle "EXT 2019"]
[Source "ChessBase"]
[SourceDate "2018.10.10"]
[SourceVersion "1"]
[SourceVersionDate "2018.10.10"]
[SourceQuality "1"]

1. e4 c6 2. d4 d5 3. Nc3 dxe4 4. Nxe4 Bf5 5. Ng3 Bg6 6. Nf3 Nd7 7. h4 h6 8. Bd3 Bxd3 9. Qxd3 e6 10. Be3 Ngf6 11. 0-0-0 Qc7 12. Kb1 Bd6 13. Ne4 Nxe4 14. Qxe4 Nf6 15. Qd3 0-0-0 16. Qb3 Kb8 17. Nd2 Nd5 18. Nc4 Nxe3 19. Qxe3 Be7 20. Qe5 Bf6 21. Qxc7+ Kxc7 22. c3 Rd5 23. Ne3 Rh5 24. g3 g5 25. Ng2 gxh4 26. Nxh4 Bxh4 27. Rxh4 Rxh4 28. gxh4 Rg8 29. Rd3 Rg2 30. Rf3 f5 31. Kc2 Kd6 32. Kd3 Rg4 33. Rh3 a5 34. b3 b5 35. Rh2 h5 36. Rh1 c5 37. dxc5+ Kxc5 38. Re1 Kd6 39. Rh1 Rg2 40. Ke3 Ke5 41. Kf3 Rg4 42. a3 Re4 43. Kg3 Rg4+ 44. Kf3 Kd5 45. Rd1+ Kc5 46. b4+ axb4 47. cxb4+ Kc6 48. Rc1+ Kd6 1/2-1/2

[Event "MVP-ch Seniors op 17th"]
[Site "Binz"]
[Date "2017.11.30"]
[Round "2.10"]
[White "Schreiber, Kurt"]
[Black "Rollwitz, Juergen"]
[Result "1/2-1/2"]
[WhiteElo "2124"]
[BlackElo "1936"]
[PlyCount "40"]
[EventDate "2017.11.29"]
[EventType "swiss"]
[EventRounds "9"]
[EventCountry "GER"]
[SourceTitle "EXT 2019"]
[Source "ChessBase"]
[SourceDate "2018.10.10"]
[SourceVersion "1"]
[SourceVersionDate "2018.10.10"]
[SourceQuality "1"]

1. Nf3 Nf6 2. c4 d6 3. g3 c6 4. Bg2 e5 5. d3 Be7 6. Nc3 Na6 7. a3 Nc7 8. 0-0 h6 9. Bd2 Be6 10. b4 Qd7 11. Re1 g5 12. e4 Bh3 13. Bh1 Qg4 14. Be3 Nh5 15. Nd2 Qxd1 16. Rexd1 Nf6 17. Nb3 Bd7 18. d4 Ng4 19. Bc1 exd4 20. Nxd4 Ne5 1/2-1/2

[Event "MVP-ch Seniors op 17th"]
[Site "Binz"]
[Date "2017.11.29"]
[Round "1.67"]
[White "Rollwitz, Juergen"]
[Black "Schwenke, Norbert"]
[Result "1-0"]
[WhiteElo "1936"]
[BlackElo "1576"]
[PlyCount "39"]
[EventDate "2017.11.29"]
[EventType "swiss"]
[EventRounds "9"]
[EventCountry "GER"]
[SourceTitle "EXT 2019"]
[Source "ChessBase"]
[SourceDate "2018.10.10"]
[SourceVersion "1"]
[SourceVersionDate "2018.10.10"]
[SourceQuality "1"]

1. e4 c5 2. Nf3 e6 3. d4 cxd4 4. Nxd4 a6 5. Be2 Nc6 6. 0-0 g6 7. Nxc6 bxc6 8. Qd4 Qf6 9. e5 c5 10. Qe4 d5 11. exd6 Rb8 12. Nc3 Bb7 13. Qf4 e5 14. Qa4+ Kd8 15. Qa5+ Ke8 16. Bxa6 Qxd6 17. Bxb7 Rxb7 18. Rd1 Qb6 19. Qa4+ Ke7 20. Nd5+ 1-0

[Event "GER-chT Betriebe 17th"]
[Site "Berlin"]
[Date "2017.11.03"]
[Round "3.4"]
[White "Rollwitz, Juergen"]
[Black "Lewandowski, Sylvester"]
[Result "1/2-1/2"]
[WhiteElo "1936"]
[BlackElo "1771"]
[PlyCount "50"]
[EventDate "2017.11.02"]
[EventType "team-swiss"]
[EventRounds "7"]
[EventCountry "GER"]
[SourceTitle "EXT 2020"]
[Source "ChessBase"]
[SourceDate "2019.10.17"]
[SourceVersion "1"]
[SourceVersionDate "2019.10.17"]
[SourceQuality "1"]
[WhiteTeam "Berlin Deutsche Bahn/BSW II"]
[BlackTeam "Berlin Vattenfall"]
[WhiteTeamCountry "GER"]
[BlackTeamCountry "GER"]

1. e4 e6 2. d4 d5 3. exd5 exd5 4. Bd3 Nf6 5. Ne2 Bd6 6. Bf4 0-0 7. 0-0 Bg4 8. f3 Bh5 9. Bxd6 Qxd6 10. Qd2 Bg6 11. Nf4 Bxd3 12. Nxd3 Re8 13. Nc3 Nbd7 14. Qf2 Re7 15. Rfe1 Rae8 16. Rxe7 Rxe7 17. Re1 g6 18. Re2 h6 19. Qe1 Kf8 20. Rxe7 Qxe7 21. Qxe7+ Kxe7 22. Kf2 Kd6 23. Ke3 b5 24. Ne2 g5 25. h3 a5 1/2-1/2

[Event "MVP-ch Seniors op 16th"]
[Site "Binz"]
[Date "2016.11.28"]
[Round "6.28"]
[White "Kaiser, Sebastian"]
[Black "Rollwitz, Juergen"]
[Result "1/2-1/2"]
[WhiteElo "2004"]
[BlackElo "1916"]
[PlyCount "21"]
[EventDate "2016.11.23"]
[EventType "swiss"]
[EventRounds "9"]
[EventCountry "GER"]
[SourceTitle "EXT 2018"]
[Source "ChessBase"]
[SourceDate "2017.10.13"]
[SourceVersion "1"]
[SourceVersionDate "2017.10.13"]
[SourceQuality "1"]

1. d4 d6 2. Nf3 Nd7 3. c3 e5 4. dxe5 Nxe5 5. Nxe5 dxe5 6. Qxd8+ Kxd8 7. e4 Be6 8. Be3 Nf6 9. f3 Nd7 10. Nd2 f6 11. Bc4 1/2-1/2

[Event "MVP-ch Seniors op 16th"]
[Site "Binz"]
[Date "2016.11.26"]
[Round "4.28"]
[White "Walther, Reinhard"]
[Black "Rollwitz, Juergen"]
[Result "0-1"]
[WhiteElo "2019"]
[BlackElo "1916"]
[PlyCount "150"]
[EventDate "2016.11.23"]
[EventType "swiss"]
[EventRounds "9"]
[EventCountry "GER"]
[SourceTitle "EXT 2018"]
[Source "ChessBase"]
[SourceDate "2017.10.13"]
[SourceVersion "1"]
[SourceVersionDate "2017.10.13"]
[SourceQuality "1"]

1. d4 d6 2. Nc3 Nf6 3. Nf3 Nbd7 4. e4 e5 5. dxe5 Nxe5 6. Nxe5 dxe5 7. Qxd8+ Kxd8 8. Bg5 c6 9. Bc4 Be6 10. Bxe6 fxe6 11. f3 Bb4 12. 0-0-0+ Kc7 13. Ne2 Rad8 14. Be3 b6 15. c3 Be7 16. Kc2 Rxd1 17. Rxd1 Rd8 18. Rxd8 Kxd8 19. a4 Nd7 20. a5 Kc7 21. Nc1 Bc5 22. Bxc5 Nxc5 23. b4 Nd7 24. Nb3 c5 25. axb6+ Kxb6 26. Na5 cxb4 27. cxb4 Kc7 28. Nc4 Kc6 29. Kc3 a6 30. h4 g6 31. g4 h6 32. Kb3 Kc7 33. Na5 Nb6 34. Kc3 Na4+ 35. Kd3 Nb6 36. Nb3 Nd7 37. Kc3 Kc6 38. Na5+ Kc7 39. Nc4 Kc6 40. Kb3 Kc7 41. Nb2 Nb6 42. Nd3 Nd7 43. g5 hxg5 44. hxg5 Kc6 45. Ka4 Kb6 46. f4 exf4 47. Nxf4 Nf8 48. e5 Kb7 49. Kb3 Kb6 50. Kc4 Kc7 51. Kc5 Nd7+ 52. Kd4 Nf8 53. Nd3 Kb6 54. Nf4 Kb5 55. Kc3 a5 56. bxa5 Kxa5 57. Kc4 Kb6 58. Kb4 Kc6 59. Kc4 Kd7 60. Kd4 Nh7 61. Nh3 Kc6 62. Ke4 Kc5 63. Kf4 Kd4 64. Ng1 Nf8 65. Ne2+ Kd5 66. Nc3+ Kc4 67. Ne4 Kd3 68. Nf6 Kd4 69. Ng8 Nd7 70. Nf6 Nxe5 71. Ne8 Nf7 72. Nc7 e5+ 73. Kg4 e4 74. Ne6+ Ke3 75. Kg3 Ne5 0-1

[Event "Berlin Lichtenberger op 15th"]
[Site "Berlin"]
[Date "2016.08.21"]
[Round "9"]
[White "Rollwitz, Juergen"]
[Black "Fock, Amina"]
[Result "1/2-1/2"]
[WhiteElo "1951"]
[BlackElo "1511"]
[PlyCount "115"]
[EventDate "2016.08.13"]
[EventType "swiss"]
[EventRounds "9"]
[EventCountry "GER"]
[SourceTitle "CBM 173 Extra"]
[Source "ChessBase"]
[SourceDate "2016.08.29"]
[SourceVersion "1"]
[SourceVersionDate "2016.08.29"]
[SourceQuality "1"]

1. e4 d5 2. exd5 Qxd5 3. Nc3 Qd6 4. d4 c6 5. Nf3 Bg4 6. Bc4 Nf6 7. Be3 e6 8. h3 Bh5 9. a3 Qc7 10. Be2 Bd6 11. Qd2 Nbd7 12. g4 Bg6 13. Bd3 Bxd3 14. Qxd3 0-0-0 15. 0-0-0 Nb6 16. Nd2 Nfd5 17. Nc4 Nxc4 18. Qxc4 Bf4 19. Nxd5 Rxd5 20. c3 Rhd8 21. Qe2 Bxe3+ 22. fxe3 e5 23. Qf3 exd4 24. exd4 f6 25. Rde1 c5 26. dxc5 Qxc5 27. Rd1 Qc6 28. Rxd5 Qxd5 29. Qxd5 Rxd5 30. Rd1 Rxd1+ 31. Kxd1 Kd7 32. Kd2 Kd6 33. Kd3 Kd5 34. c4+ Ke5 35. Ke3 g5 36. b4 f5 37. gxf5 h5 38. f6 Kxf6 39. Ke4 Ke6 40. a4 Kd6 41. c5+ Kc6 42. Kd4 a6 43. Kc4 g4 44. b5+ axb5+ 45. axb5+ Kc7 46. hxg4 hxg4 47. Kd4 g3 48. Ke3 g2 49. Kf2 g1Q+ 50. Kxg1 Kd7 51. Kf2 Ke6 52. Ke3 Kd5 53. c6 bxc6 54. b6 Kd6 55. Kd4 c5+ 56. Kc4 Kc6 57. b7 Kxb7 58. Kxc5 1/2-1/2

[Event "Berlin Lichtenberger op 15th"]
[Site "Berlin"]
[Date "2016.08.17"]
[Round "5"]
[White "Rollwitz, Juergen"]
[Black "Boehm, Uwe"]
[Result "1/2-1/2"]
[WhiteElo "1951"]
[BlackElo "2138"]
[PlyCount "53"]
[EventDate "2016.08.13"]
[EventType "swiss"]
[EventRounds "9"]
[EventCountry "GER"]
[SourceTitle "CBM 173 Extra"]
[Source "ChessBase"]
[SourceDate "2016.08.29"]
[SourceVersion "1"]
[SourceVersionDate "2016.08.29"]
[SourceQuality "1"]

1. e4 e6 2. d4 d5 3. exd5 exd5 4. Nf3 Nf6 5. Bd3 Be7 6. Nbd2 0-0 7. 0-0 Bg4 8. Re1 c5 9. Be2 Nc6 10. c3 a6 11. Nf1 h6 12. Ne3 Be6 13. Nc2 c4 14. Ne5 Qb6 15. Bg4 Nxg4 16. Nxg4 Rfe8 17. Nge3 Qd8 18. Qf3 Qd7 19. b4 Bf8 20. Bd2 g6 21. a4 Ne7 22. a5 Bg7 23. h3 Kh7 24. Ng4 Bxg4 25. hxg4 Ng8 26. g5 h5 27. Ne3 1/2-1/2

[Event "Berlin Lichtenberger op 15th"]
[Site "Berlin"]
[Date "2016.08.15"]
[Round "3"]
[White "Rollwitz, Juergen"]
[Black "Schacht, Thomas"]
[Result "1-0"]
[WhiteElo "1951"]
[BlackElo "1678"]
[PlyCount "47"]
[EventDate "2016.08.13"]
[EventType "swiss"]
[EventRounds "9"]
[EventCountry "GER"]
[SourceTitle "CBM 173 Extra"]
[Source "ChessBase"]
[SourceDate "2016.08.29"]
[SourceVersion "1"]
[SourceVersionDate "2016.08.29"]
[SourceQuality "1"]

1. e4 e5 2. Bc4 Nf6 3. Nf3 d5 4. exd5 Bg4 5. Qe2 e4 6. d3 Qe7 7. dxe4 Qxe4 8. Qxe4+ Nxe4 9. Nbd2 Nf6 10. 0-0 Be7 11. Re1 Nbd7 12. Ne5 Bf5 13. Nxd7 Bxd7 14. Nf3 Ng8 15. Ne5 f6 16. Nxd7 Kxd7 17. Bb5+ Kd6 18. b3 Kxd5 19. c4+ Kc5 20. Ba3+ Kd4 21. Bxe7 c6 22. Bb4 Kd3 23. Rad1+ Kc2 24. Rd2# 1-0

[Event "MVP-ch Seniors op 15th"]
[Site "Binz"]
[Date "2015.11.29"]
[Round "6.50"]
[White "Rollwitz, Juergen"]
[Black "Peter, Volkhard"]
[Result "0-1"]
[WhiteElo "1799"]
[BlackElo "1643"]
[PlyCount "122"]
[EventDate "2015.11.24"]
[EventType "swiss"]
[EventRounds "9"]
[EventCountry "GER"]
[SourceTitle "EXT 2017"]
[Source "ChessBase"]
[SourceDate "2016.10.25"]
[SourceVersion "1"]
[SourceVersionDate "2016.10.25"]
[SourceQuality "1"]

1. e4 e5 2. Nf3 Nc6 3. d3 Nf6 4. Be2 Bc5 5. c3 0-0 6. b4 Bd6 7. Bb2 b5 8. Nbd2 Be7 9. 0-0 d6 10. a3 Ne8 11. d4 exd4 12. cxd4 a6 13. Rc1 Bd7 14. Re1 f5 15. Qb3+ Kh8 16. d5 Na7 17. e5 dxe5 18. Nxe5 Bd6 19. Ndf3 Bxe5 20. Nxe5 Nd6 21. Qh3 Be8 22. Bh5 Kg8 23. Bxe8 Nxe8 24. Rcd1 Nc8 25. Qb3 Ncd6 26. Nc6 Qh4 27. Re3 Nc4 28. Rh3 Qe4 29. Qc3 Qe2 30. Rb1 Nxb2 31. Re3 Nd1 32. Rxd1 Qxd1+ 33. Re1 Qg4 34. Ne5 Qh5 35. Qc6 Nd6 36. Qxc7 Nf7 37. Nc6 h6 38. Qd7 Kh7 39. f3 f4 40. Re7 Qg6 41. h4 Qf6 42. Qg4 Rae8 43. Re6 Rxe6 44. Qxe6 Qxe6 45. dxe6 Nd6 46. Kf2 Rc8 47. Nd4 Kg6 48. Ke2 Rc3 49. Kd2 Rxa3 50. Ne2 Kf5 51. e7 Re3 52. Nd4+ Kf6 53. Nc6 Nf5 54. Nb8 Rxe7 55. Nxa6 Ra7 56. Nc5 Nxh4 57. Ne4+ Ke5 58. Nc3 Rf7 59. Ne4 Nxg2 60. Nc5 Rc7 61. Ke2 Rxc5 0-1

[Event "MVP-ch Seniors op 15th"]
[Site "Binz"]
[Date "2015.11.24"]
[Round "1.68"]
[White "Kohn, Friedrich"]
[Black "Rollwitz, Juergen"]
[Result "0-1"]
[WhiteElo "1337"]
[BlackElo "1799"]
[PlyCount "98"]
[EventDate "2015.11.24"]
[EventType "swiss"]
[EventRounds "9"]
[EventCountry "GER"]
[SourceTitle "EXT 2017"]
[Source "ChessBase"]
[SourceDate "2016.10.25"]
[SourceVersion "1"]
[SourceVersionDate "2016.10.25"]
[SourceQuality "1"]

1. e4 e5 2. f4 d5 3. exd5 exf4 4. Bb5+ c6 5. Qe2+ Qe7 6. dxc6 bxc6 7. Qxe7+ Bxe7 8. Bc4 Be6 9. b3 Bf6 10. c3 Ne7 11. Nf3 Nd7 12. 0-0 0-0 13. d4 g5 14. Bxe6 fxe6 15. Ba3 Rfe8 16. Nbd2 Nf5 17. Ne4 h6 18. Nxf6+ Nxf6 19. Ne5 Rac8 20. Rae1 Nd5 21. Rf3 Nde3 22. Bc1 c5 23. Bxe3 Nxe3 24. dxc5 Rxc5 25. Nd7 Rf5 26. g3 Re7 27. Nb8 Rc7 28. c4 Rf8 29. Na6 Rc6 30. Nb4 Rd6 31. gxf4 gxf4 32. a4 e5 33. Nd5 Nxd5 34. cxd5 Rxd5 35. Re2 Rfd8 36. Kf2 Kf7 37. Rc2 Rd2+ 38. Rxd2 Rxd2+ 39. Kg1 Rb2 40. h3 Kf6 41. Rc3 Kf5 42. Kf1 h5 43. Ke1 h4 44. Kd1 Ke4 45. Kc1 Re2 46. b4 Kd4 47. Rc7 f3 48. Kd1 Rb2 49. b5 f2 0-1